000 00801nam0a22002651 4500
001 RU\NLR\INFOCOMM5\ROSSICA\1000309002
005 20250613194015.0
035 _a(NLR Aleph) 009984430
090 _a9710553
_c9710553
100 _a20031015d1881 |||y0rusy50 ca
101 0 _afre
102 _aRU
105 _ay ||||000ay
200 1 _aListe des voyageur ses en Asie depuis l'occupation par les Russes du bassin de l'Amour et du Sémirétchié 1854-1880
_fVenukoff, M.
210 _aMoscou
_d1881
215 _d
700 1 _9z01790
_aVenjukov
_bM.I.
_f1832-1901
_gMichail Ivanovič
_4070
790 1 _9z01700
_aVenukoff
_bM.
_4070
801 1 _aRU
_bInfoComm
_c20031015
801 0 _aRU
_bNLR
_gPSBO
852 _aNLR
_j13.9.10.41
942 _cBOOK
980 _aNB
980 _aRossica